Which of the Two... US TV Shows Quiz Stats

 Plays Quiz Updated Dec 14, 2015

Score 0/24 Timer 06:00
6 Plays Today
Which US television show... A or B % Correct
...features a stopwatch in the opening credits?
(A) 60 Minutes or (B) Face the Nation
???
94.6%
...follows friends who live together in Florida?
(A) The Golden Girls or (B) The Big Bang Theory
???
93.6%
...is a sitcom set in New York City?
(A) Seinfeld or (B) Frasier
???
91.8%
...depicts mathematician Charlie Eppes helping to solve cases?
(A) NUMB3RS or (B) CSI: Crime Scene Investigation
???
91.5%
...is hosted by Alex Trebek?
(A) Wheel of Fortune or (B) Jeopardy!
???
91%
...did 'The Cleveland Show' spin off from?
(A) The Simpsons or (B) Family Guy
???
90.6%
...has been in production continuously since 1996?
(A) Judge Joe Brown or (B) Judge Judy
???
90.2%
...follows the Clampett family, who move to Beverly Hills?
(A) Beverly Hills, 90210 or (B) The Beverly Hillbillies
???
89.4%
...made use of the catchphrase 'Danger, Will Robinson!'?
(A) The Twilight Zone or (B) Lost in Space
???
87%
...is a reality show that focused on the Gosselin family?
(A) Jon & Kate Plus 8 or (B) 19 Kids & Counting
???
85.9%
...had neighbors played by Vivian Vance and William Frawley?
(A) I Love Lucy or (B) The Flintstones
???
85.5%
...features Patricia Heaton as mother Debra?
(A) The Middle or (B) Everybody Loves Raymond
???
82.7%
Which US television show... A or B % Correct
...has been on the air longer?
(A) Dr. Phil or (B) The Jerry Springer Show
???
81.3%
...originated the idiom 'jumping the shark'?
(A) Happy Days or (B) Cheers
???
81.1%
...has taken contestants to Gabon, Africa?
(A) America's Next Top Model or (B) Survivor
???
80.8%
...has a game board containing the Whammy?
(A) Press Your Luck or (B) The Joker's Wild
???
79.4%
...is a legal drama set in a Boston law firm?
(A) Ally McBeal or (B) Law & Order
???
77.9%
...holds the title for longest-running network newscast?
(A) CBS Evening News or (B) ABC World News
???
77.8%
...stopped airing new episodes on Food Network in 2013?
(A) Good Eats or (B) Paula's Home Cooking
???
77.6%
...had its first broadcast episode entitled 'Two on a Raft'?
(A) Lost or (B) Gilligan's Island
???
65.8%
...was a radio series before becoming a 20-season western?
(A) Bonanza or (B) Gunsmoke
???
60.6%
...is a soap opera that follows the Forrester family?
(A) The Bold and the Beautiful or (B) Days of Our Lives
???
59.8%
...features a backwards chest X-ray in its title sequence?
(A) House, M.D. or (B) Scrubs
???
59.1%
...eliminated child teams over the course of each episode?
(A) Legends of the Hidden Temple or (B) Figure It Out
???
59%

You're not logged in!

Compare scores with friends on all Sporcle quizzes.
OR
Log In

Show Comments

Extras

Top Quizzes Today


Score Distribution

Your Account Isn't Verified!

In order to create a playlist on Sporcle, you need to verify the email address you used during registration. Go to your Sporcle Settings to finish the process.

Report this User

Report this user for behavior that violates our Community Guidelines.

Details: